000 00885nmm a2200277 a 4500
001 ocm0002347623
003 TR-IsHL
005 20201028185028.0
008 190831s2019 tu tur
007 cr cn
020 _a9786056911606
035 _a2347623
_b(N$T)
050 0 4 _aPL248.B355
_bK3 2019
090 0 4 _aPL248.B355
_bK3 2019
100 1 _aBal, Mustafa
245 1 0 _aKapatın ışıkları: Dostları sayacağım
_h[electronic resource] /
_cMustafa Bal
250 _a2. baskı
260 _aİstanbul :
_b,
_c2019
300 _a49 p.
650 4 _aDil ve Edebiyat
650 4 _aLanguage and Literature
650 0 _aTürk edebiyatı
_x Denemeler
650 0 _aTurkish literature
_x Essays
650 7 _aLITERARY COLLECTIONS / Middle Eastern
_2bisacsh
856 4 0 _uhttp://search.ebscohost.com/login.aspx?direct=true&scope=site&db=e011xww&AN=2347623
999 _c21273
_d21273